Mutual funds: (Record no. 1407)
[ view plain ]
| 000 -LEADER | |
|---|---|
| fixed length control field | 00641nam a2200181 4500 |
| 008 - FIXED-LENGTH DATA ELEMENTS--GENERAL INFORMATION | |
| fixed length control field | 160322b xxu||||| |||| 00| 0 eng d |
| 020 ## - INTERNATIONAL STANDARD BOOK NUMBER | |
| International Standard Book Number | 97804470499092 |
| 082 ## - DEWEY DECIMAL CLASSIFICATION NUMBER | |
| Edition number | 2010 |
| Classification number | DC 332.6327 |
| Item number | M98 |
| 245 ## - TITLE STATEMENT | |
| Title | Mutual funds: |
| Remainder of title | portfolio structures, analysis, management, and stewardship/ |
| Statement of responsibility, etc. | Edited by John Haslem |
| 260 ## - PUBLICATION, DISTRIBUTION, ETC. (IMPRINT) | |
| Place of publication, distribution, etc. | Hoboken, NJ: |
| Name of publisher, distributor, etc. | Wiley, |
| Date of publication, distribution, etc. | ©2010. |
| 300 ## - PHYSICAL DESCRIPTION | |
| Extent | xvii, 358 pages: |
| Other physical details | illustrations; |
| Dimensions | 25 cm. |
| 440 ## - SERIES STATEMENT/ADDED ENTRY--TITLE | |
| 9 (RLIN) | 4253 |
| Title | Kolb series in finance |
| 500 ## - GENERAL NOTE | |
| General note | Includes bibliographical references and index. |
| 650 #0 - SUBJECT ADDED ENTRY--TOPICAL TERM | |
| 9 (RLIN) | 4256 |
| Topical term or geographic name as entry element | Mutual funds |
| 650 #0 - SUBJECT ADDED ENTRY--TOPICAL TERM | |
| 9 (RLIN) | 4257 |
| Topical term or geographic name as entry element | Investments |
| 700 ## - ADDED ENTRY--PERSONAL NAME | |
| 9 (RLIN) | 4258 |
| Personal name | Haslem, John |
| Relator term | Editor. |
| 942 ## - ADDED ENTRY ELEMENTS (KOHA) | |
| Source of classification or shelving scheme | Dewey Decimal Classification |
| Koha item type | Circulation |
| Withdrawn status | Lost status | Source of classification or shelving scheme | Damaged status | Not for loan | Collection code | Home library | Current library | Shelving location | Date acquired | Source of acquisition | Total Checkouts | Full call number | Barcode | Date last seen | Date last checked out | Copy number | Price effective from | Koha item type |
|---|---|---|---|---|---|---|---|---|---|---|---|---|---|---|---|---|---|---|
| Dewey Decimal Classification | Circulation | UM Digos College - LIC | UM Digos College - LIC | Book Cart | 01/18/2014 | Purchased | 2 | DC 332.6327 M98 2010 | 22100 | 06/08/2021 | 09/05/2018 | 1 | 03/22/2016 | Circulation |
